[Event "Mukachevo IM October 2019"]
[Site "Mukachevo"]
[Date "2019.10.02"]
[Round "2.1"]
[White "Shkuran, Danylo"]
[Black "Vachylia, Andrii"]
[Result "1-0"]
[WhiteElo "2343"]
[BlackElo "2201"]
[Annotator "TA"]
[PlyCount "93"]
[EventDate "2019.10.01"]
[EventType "tourn"]
[EventCountry "UKR"]
[SourceTitle "playchess.com"]
[Source "ChessBase"]
[SourceQuality "1"]

{[%evp 12,93,-4,-20,0,0,0,8,22,20,35,44,48,59,46,58,69,85,155,151,153,103,107,65,40,0,0,0,0,0,49,44,107,106,104,104,106,106,114,110,106,100,110,97,100,103,107,108,111,106,127,113,107,111,122,92,97,97,122,120,157,153,257,242,247,201,195,193,166,178,185,196,468,466,465,464,441,415,439,426,12584,11827,2001,1895]} 1. e4 c5 2. c3 Nf6 3. e5 Nd5 4. Nf3 Nc6 5. d4 cxd4 6. cxd4 d6 7. exd6 e6 {B22: Sicilian: 2 c3} 8. Bd3 Qxd6 9. O-O Be7 {The position is equal.} 10. Re1 (10. Nc3 O-O 11. Ne4 Qd8 12. a3 Bd7 13. Qe2 Rc8 14. Rd1 Na5 15. Be3 Ba4 {½-½ (59) Naiditsch,A (2689)-Hou,Y (2588) Khanty-Mansiysk 2009}) 10... b6 11. Nc3 Bb7 12. Nxd5 Qxd5 13. Be4 Qd7 14. Bg5 $1 {[#] Threatens to win with d5.} Bxg5 $146 (14... f6 $142) ({Predecessor:} 14... f6 15. Bh4 Rd8 16. Rc1 Kf7 17. a3 Na5 18. Qe2 Rc8 19. Rxc8 Bxc8 {½-½ (37) Joshi,P (2291)-Ismagambetov,A (2524) Mumbai 2010}) 15. Nxg5 $16 {Black must now prevent d5.} Ne7 16. Qh5 g6 17. Qf3 Nd5 18. Bxd5 Bxd5 19. Qf6 O-O 20. Nxh7 Qd8 (20... Kxh7 $5 21. Re3 $8 Bxg2 $1 $11 {[%mdl 512]}) 21. Re3 $36 {[%mdl 2048] White is pushing.} Qxf6 (21... Rc8 $14) 22. Nxf6+ Kg7 23. Nxd5 exd5 {[%mdl 4096] Endgame KRR-KRR} 24. Rc1 Rac8 25. Rxc8 Rxc8 {[#] KR-KR} 26. Rc3 $1 {[%cal Rc3c8]} Re8 {[%cal Re8e1]} 27. Kf1 Re4 28. Rd3 Rh4 29. h3 Kf6 30. Ke2 Ke6 31. Re3+ Kd6 32. Kd3 Rh8 33. Re1 a5 34. Rh1 a4 35. h4 f5 36. g3 Rh5 (36... b5 $16 {was necessary.} 37. Rc1 f4) 37. Ke3 $18 Rh8 38. f3 Rc8 39. g4 Ke6 40. h5 Kf6 41. h6 Re8+ $2 (41... Kg5 {is a better defense.} 42. h7 Re8+ 43. Kd2 Rh8 44. gxf5 Kxf5) 42. Kf4 g5+ 43. Kg3 a3 44. bxa3 f4+ 45. Kf2 {White is clearly winning.} Rc8 (45... Kg6 $142 46. h7 Kg7) 46. Ke2 Kg6 47. h7 {Accuracy: White = 85%, Black = 41%.} 1-0

[Event "Mukachevo IM October 2019"]
[Site "Mukachevo"]
[Date "2019.10.02"]
[Round "2.2"]
[White "Rytenko, Vsevolod"]
[Black "Kersten, Uwe"]
[Result "1/2-1/2"]
[WhiteElo "2387"]
[BlackElo "2239"]
[Annotator "TA"]
[PlyCount "98"]
[EventDate "2019.10.01"]
[EventType "tourn"]
[EventCountry "UKR"]
[SourceTitle "playchess.com"]
[Source "ChessBase"]
[SourceQuality "1"]

{[%evp 9,98,5,23,-7,0,-10,-11,-16,-12,-18,-11,-14,-6,-13,0,0,0,0,8,-30,7,0,18,0,12,17,53,52,16,21,28,38,47,15,52,0,23,11,39,0,0,10,50,0,3,0,45,41,46,29,40,14,28,0,0,0,0,0,0,0,13,0,52,16,48,29,40,-23,0,0,0,37,316,305,316,312,283,280,265,265,258,0,0,-66,-84,-218,-232,-232,0,-201,0]} 1. d4 Nf6 2. Nf3 e6 3. g3 b5 4. Bg2 d5 5. O-O Bb7 6. b3 {A46: 1 d4 Nf6 2 Nf3 e6: Torre, London and Colle Systems} (6. a4 b4 7. a5 Be7 8. c3 O-O 9. cxb4 Bxb4 10. Qb3 Qe7 11. Bd2 Na6 12. Rc1 Rab8 13. Bxb4 Nxb4 {½-½ (25) Meier,G (2628)-Vallejo Pons,F (2693) Karlsruhe/Baden Baden 2019}) 6... Nbd7 7. Nbd2 b4 8. Bb2 {The position is equal.} Be7 9. c4 bxc3 10. Bxc3 c5 11. dxc5 Bxc5 12. b4 Be7 13. Qb3 $146 ({Predecessor:} 13. Nb3) 13... O-O 14. Rfd1 Ba6 15. Nd4 Rc8 16. e3 Qc7 17. Rdc1 Ne5 18. b5 $1 {[%cal Rb5a6]} Bb7 19. Qb1 Qb8 20. a4 h5 21. h3 Bd6 22. f4 ({White should play} 22. a5 $14) 22... Nc4 23. Nxc4 Rxc4 24. Bb2 Rfc8 25. Rxc4 Rxc4 26. Qd1 Bc5 27. Rc1 Rxc1 28. Qxc1 Bb6 29. Kh2 Ne8 30. Qc3 Qd8 31. Bf3 Ba5 32. Qc2 h4 $1 33. g4 Nd6 34. Nb3 Bb4 35. Bd4 a5 (35... a6 $11) 36. Be2 Nc4 37. Bd3 Qd6 {And now ...e5 would win.} 38. Qg2 (38. Bf1 $14) 38... e5 39. Bxc4 dxc4 40. Qxb7 cxb3 $4 {[%mdl 8192]} ({Better is} 40... Qd8 $14) 41. Qa8+ $18 (41. fxe5 Qd8 $16) 41... Kh7 42. Qe4+ ({Inferior is} 42. fxe5 Qg6 $11) 42... Kg8 43. Qxe5 {[%csl Gd4][%cal Re5g7]} ({Less strong is} 43. fxe5 Qd8 $14) 43... Qg6 {[#]} 44. f5 $1 {[%cal Rf5g6]} Qh6 {aiming for ...Bd6!} 45. Qd5 $2 (45. Kg2 $18) 45... b2 $36 {[%mdl 2048] Black has the initiative.} 46. Bxb2 (46. Qb3 $11) 46... Qxe3 $15 {White must now prevent ...Qg3+.} 47. Qe5 (47. Be5 $17) 47... Qf2+ $19 {[%mdl 1024] Black has strong compensation.} 48. Kh1 {[%csl Gb2][%cal Re5g7]} Qf1+ 49. Kh2 {[%csl Gb2][%cal Re5g7] [#]} Qf2+ $2 {Accuracy: White = 32%, Black = 45%.} (49... f6 $1 $19 {[%cal Rf6e5]} 50. Qe8+ Bf8 51. Bxf6 Qf2+ 52. Kh1 Qf3+ 53. Kg1 Qg3+ 54. Kf1 Qxh3+ 55. Ke1 Qg3+ 56. Kf1 Qf4+ 57. Ke1 Qb4+ 58. Kf1 gxf6 59. Qg6+ Bg7 60. Qe8+ Qf8 61. Qe6+ Kh7) 1/2-1/2

[Event "Mukachevo IM October 2019"]
[Site "Mukachevo"]
[Date "2019.10.02"]
[Round "2.3"]
[White "Petrovskiy, Vadim"]
[Black "Oros, Robert"]
[Result "1-0"]
[WhiteElo "2197"]
[BlackElo "2284"]
[Annotator "ChessBase"]
[PlyCount "58"]
[EventDate "2019.10.01"]
[EventType "tourn"]
[EventCountry "UKR"]
[SourceTitle "playchess.com"]
[Source "ChessBase"]
[SourceQuality "1"]
[TimeControl "40/5400+30:900+30"]

1. e4 {[%emt 0:00:00]} e5 {[%emt 0:00:55]} 2. Nf3 {[%emt 0:00:00]} Nc6 {[%emt 0:00:12]} 3. Bc4 {[%emt 0:00:48]} Be7 {[%emt 0:01:06]} 4. d4 {[%emt 0:02:05]} d6 {[%emt 0:00:27]} 5. O-O {[%emt 0:02:02]} Nf6 {[%emt 0:01:07]} 6. Nc3 {[%emt 0:02:02]} Bg4 {[%emt 0:03:11]} 7. d5 {[%emt 0:15:02]} Nd4 {[%emt 0:01:16]} 8. Be3 {[%emt 0:01:07]} Nxf3+ {[%emt 0:00:41]} 9. gxf3 {[%emt 0:00:03]} Bh3 {[%emt 0:01:08]} 10. Re1 {[%emt 0:00:07]} Nh5 {[%emt 0:01:08]} 11. Qd2 {[%emt 0:02:59]} g5 {[%emt 0:07:30]} 12. Ne2 {[%emt 0:06:15]} Nf4 {[%emt 0:00:44]} 13. Ng3 {[%emt 0:01:16]} Qc8 {[%emt 0:05:36]} 14. Bd3 {[%emt 0:12:52]} O-O {[%emt 0:08:03]} 15. Nf5 {[%emt 0:07:55]} Bxf5 {[%emt 0:02:44]} 16. exf5 {[%emt 0:00:13]} f6 {[%emt 0:09:50]} 17. Be4 {[%emt 0:06:40]} Rf7 {[%emt 0:04:30]} 18. Kh1 {[%emt 0:04:01]} Rg7 {[%emt 0:01:26]} 19. c4 {[%emt 0:03:03]} c5 {[%emt 0:03:39]} 20. dxc6 {[%emt 0:02:11]} bxc6 {[%emt 0:00:08]} 21. b4 {[%emt 0:00:44]} a6 {[%emt 0:06:21]} 22. Rec1 {[%emt 0:01:04]} Rb8 {[%emt 0:03:11]} 23. b5 {[%emt 0:01:39]} c5 {[%emt 0:00:26]} 24. Rab1 {[%emt 0:04:23]} axb5 {[%emt 0:01:32]} 25. cxb5 {[%emt 0:00:16]} d5 {[%emt 0:00:29]} 26. Bxd5+ {[%emt 0:00:57]} Nxd5 {[%emt 0:00:04]} 27. Qxd5+ {[%emt 0:00:08]} Kh8 {[%emt 0:00:02]} 28. Qe4 {[%emt 0:04:16]} Bf8 {[%emt 0:01:17]} 29. a4 {[%emt 0:00:41]} Rgb7 {[%emt 0:01:18]} 1-0

[Event "Mukachevo IM October 2019"]
[Site "Mukachevo"]
[Date "2019.10.02"]
[Round "2.4"]
[White "Sernecki, Franciszek"]
[Black "Tiba, Vladyslav"]
[Result "1/2-1/2"]
[WhiteElo "2276"]
[BlackElo "2360"]
[Annotator "TA"]
[PlyCount "60"]
[EventDate "2019.10.01"]
[EventType "tourn"]
[EventCountry "UKR"]
[SourceTitle "playchess.com"]
[Source "ChessBase"]
[SourceQuality "1"]

{[%evp 17,60,5,5,5,4,-4,0,-2,0,-20,-4,-21,-12,-9,-9,-15,-10,-17,-7,-4,0,0,0,0,0,0,13,8,16,0,2,9,8,0,3,3,10,0,8,6,8,8,8,0,18]} 1. d4 Nf6 2. Nf3 g6 3. c4 Bg7 4. Nc3 O-O 5. e4 d6 6. Be2 e5 7. dxe5 dxe5 8. O-O Nc6 9. Qxd8 Nxd8 {The position is equal.} 10. Rd1 {E97: King's Indian: Classical Main Line (6...e5 7 0-0 Nc6): 8 Be3 and 8 d5 Ne7, not 9 Ne1} (10. h3 Nc6 11. Be3 b6 12. c5 Bb7 13. Rac1 Rad8 14. Rfd1 h6 15. a3 Rxd1+ 16. Rxd1 Rd8 17. b4 Nd4 18. Nxd4 exd4 {½-½ (29) Timoshenko,G (2518)-Nyzhnyk,I (2614) Mamaia 2012}) 10... Bg4 11. h3 $146 ({Predecessor:} 11. Be3 Ne6 12. h3 Bxf3 13. Bxf3 c6 14. Rd3 h5 15. Rad1 {½-½ (15) Hirr,R (2465)-Romizin,N (2351) ICCF email 2009}) 11... Bxf3 12. Bxf3 Ne6 13. Nd5 Rfd8 14. Be3 h5 15. Rd3 c6 16. Nxf6+ Bxf6 17. Rad1 Rxd3 18. Rxd3 Bg5 19. Bxg5 Nxg5 20. Bxh5 Nxe4 $11 {[%mdl 4096] Endgame KRB-KRN} 21. Re3 Nd6 22. Be2 Re8 23. Rd3 Re6 24. c5 Ne4 25. Rd8+ Kg7 26. b4 Re7 27. g4 Ng5 28. h4 Ne6 29. Rd6 Nd4 30. Bd1 f5 {Accuracy: White = 58%, Black = 47%.} 1/2-1/2

[Event "Mukachevo IM October 2019"]
[Site "Mukachevo"]
[Date "2019.10.02"]
[Round "2.5"]
[White "Boricsev, Oleg"]
[Black "Ganze, Laszlo"]
[Result "1-0"]
[WhiteElo "2241"]
[BlackElo "1942"]
[Annotator "NA"]
[PlyCount "97"]
[EventDate "2019.10.01"]
[EventType "tourn"]
[EventCountry "UKR"]
[SourceTitle "playchess.com"]
[Source "ChessBase"]
[SourceQuality "1"]
[TimeControl "40/5400+30:900+30"]

1. e4 {[%emt 0:01:11]} c5 {[%emt 0:00:00]} 2. b4 {[%emt 0:00:55]} cxb4 {[%emt 0:02:53]} 3. d4 {[%emt 0:00:46]} Nf6 {[%emt 0:03:36]} 4. e5 {[%emt 0:00:53]} Nd5 {[%emt 0:01:35]} 5. a3 {[%emt 0:00:45]} Qc7 {[%emt 0:06:13]} 6. axb4 {[%emt 0:03:15]} Nc3 {[%emt 0:02:29]} 7. Qd3 {[%emt 0:10:16]} Nxb1 {[%emt 0:01:31]} 8. Rxb1 {[%emt 0:00:13]} d5 {[%emt 0:08:13]} 9. exd6 {[%emt 0:01:59]} Qxd6 {[%emt 0:00:45]} 10. Nf3 {[%emt 0:01:05]} g6 {[%emt 0:01:14]} 11. Qe4 {[%emt 0:11:47]} Bg7 {[%emt 0:01:50]} 12. Bb5+ {[%emt 0:01:35]} Nd7 {[%emt 0:11:00]} 13. Bf4 {[%emt 0:02:52]} Qb6 {[%emt 0:01:26]} 14. c4 {[%emt 0:02:10]} O-O {[%emt 0:01:57]} 15. Qxe7 {[%emt 0:03:49]} Nf6 {[%emt 0:04:23]} 16. Bc7 {[%emt 0:08:36]} Qe6+ {[%emt 0:01:36]} 17. Qxe6 {[%emt 0:00:05]} Bxe6 {[%emt 0:00:16]} 18. d5 {[%emt 0:01:23]} Bf5 {[%emt 0:00:33]} 19. Rd1 {[%emt 0:01:42]} a6 {[%emt 0:03:36]} 20. Ba4 {[%emt 0:04:05]} Ne4 {[%emt 0:02:35]} 21. Nd4 {[%emt 0:12:46]} Nc3 {[%emt 0:10:31]} 22. Nxf5 {[%emt 0:00:17]} gxf5 {[%emt 0:00:09]} 23. Bd7 {[%emt 0:01:11]} Nxd1 {[%emt 0:02:35]} 24. Kxd1 {[%emt 0:00:08]} Bc3 {[%emt 0:00:38]} 25. Ba5 {[%emt 0:03:05]} b6 {[%emt 0:02:50]} 26. Bxb6 {[%emt 0:00:13]} Bxb4 {[%emt 0:00:16]} 27. Kc2 {[%emt 0:01:21]} Rab8 {[%emt 0:02:55]} 28. c5 {[%emt 0:03:34]} Rxb6 {[%emt 0:04:55]} 29. cxb6 {[%emt 0:04:05]} Rb8 {[%emt 0:00:10]} 30. Rb1 {[%emt 0:04:49]} Rxb6 {[%emt 0:00:47]} 31. Bxf5 {[%emt 0:00:36]} a5 {[%emt 0:00:11]} 32. Bd7 {[%emt 0:01:38]} Rd6 {[%emt 0:01:00]} 33. Bc6 {[%emt 0:00:19]} Rf6 {[%emt 0:01:03]} 34. f3 {[%emt 0:02:50]} Rg6 {[%emt 0:01:41]} 35. g3 {[%emt 0:01:16]} Kf8 {[%emt 0:01:12]} 36. Kd3 {[%emt 0:01:01]} Ke7 {[%emt 0:00:41]} 37. Kc4 {[%emt 0:01:08]} Kd6 {[%emt 0:00:57]} 38. Rb2 {[%emt 0:00:39]} Rh6 {[%emt 0:01:50]} 39. Re2 {[%emt 0:02:13]} Rh5 {[%emt 0:01:27]} 40. f4 {[%emt 0:00:00]} Rh6 {[%emt 0:00:00]} 41. Be8 {[%emt 0:02:45]} Rf6 {[%emt 0:03:32]} 42. Re5 {[%emt 0:01:43]} Rh6 {[%emt 0:01:51]} 43. Bxf7 {[%emt 0:02:42]} Rxh2 {[%emt 0:00:29]} 44. Re6+ {[%emt 0:00:20]} Kd7 {[%emt 0:00:30]} 45. Be8+ {[%emt 0:00:45]} Kd8 {[%emt 0:00:12]} 46. Ba4 {[%emt 0:00:36]} Rg2 {[%emt 0:01:13]} 47. d6 {[%emt 0:00:26]} Kc8 {[%emt 0:03:07]} 48. Re8+ {[%emt 0:00:19]} Kb7 {[%emt 0:00:07]} 49. d7 {[%emt 0:00:16]} 1-0

[Event "Mukachevo IM October 2019"]
[Site "Mukachevo"]
[Date "2019.10.02"]
[Round "3.1"]
[White "Ganze, Laszlo"]
[Black "Shkuran, Danylo"]
[Result "0-1"]
[WhiteElo "1942"]
[BlackElo "2343"]
[Annotator "NA"]
[PlyCount "68"]
[EventDate "2019.10.01"]
[EventType "tourn"]
[EventCountry "UKR"]
[SourceTitle "playchess.com"]
[Source "ChessBase"]
[SourceQuality "1"]
[TimeControl "40/5400+30:900+30"]

1. d4 {[%emt 0:00:06]} Nf6 {[%emt 0:07:32]} 2. Nf3 {[%emt 0:03:28]} g6 {[%emt 0:01:30]} 3. c4 {[%emt 0:00:21]} Bg7 {[%emt 0:00:13]} 4. Nc3 {[%emt 0:00:14]} O-O {[%emt 0:00:05]} 5. e4 {[%emt 0:00:46]} d6 {[%emt 0:00:05]} 6. Be2 {[%emt 0:00:48]} Nbd7 {[%emt 0:00:14]} 7. O-O {[%emt 0:01:22]} e5 {[%emt 0:03:51]} 8. d5 {[%emt 0:06:09]} Nc5 {[%emt 0:00:26]} 9. Nd2 {[%emt 0:01:51]} a5 {[%emt 0:00:15]} 10. b3 {[%emt 0:02:49]} Ne8 {[%emt 0:09:28]} 11. f3 {[%emt 0:02:55]} f5 {[%emt 0:00:30]} 12. Qc2 {[%emt 0:02:13]} Nf6 {[%emt 0:00:57]} 13. Rf2 {[%emt 0:04:39]} f4 {[%emt 0:06:01]} 14. Ba3 {[%emt 0:00:33]} h5 {[%emt 0:00:37]} 15. Kh1 {[%emt 0:02:55]} g5 {[%emt 0:00:39]} 16. Bxc5 {[%emt 0:05:30]} dxc5 {[%emt 0:01:21]} 17. g3 {[%emt 0:05:10]} fxg3 {[%emt 0:06:18]} 18. hxg3 {[%emt 0:00:41]} Ng4 {[%emt 0:00:07]} 19. Rg2 {[%emt 0:07:24]} Ne3 {[%emt 0:00:17]} 20. Qd3 {[%emt 0:00:10]} Nxg2 {[%emt 0:00:05]} 21. Kxg2 {[%emt 0:00:06]} Ra6 {[%emt 0:00:35]} 22. Rh1 {[%emt 0:03:19]} Rh6 {[%emt 0:00:34]} 23. Nd1 {[%emt 0:02:04]} g4 {[%emt 0:00:51]} 24. Ne3 {[%emt 0:01:42]} Qg5 {[%emt 0:05:13]} 25. fxg4 {[%emt 0:06:04]} hxg4 {[%emt 0:03:14]} 26. Rxh6 {[%emt 0:01:34]} Bxh6 {[%emt 0:00:07]} 27. Ndf1 {[%emt 0:01:38]} Qh5 {[%emt 0:02:41]} 28. Kg1 {[%emt 0:00:25]} Rf6 {[%emt 0:05:18]} 29. Ng2 {[%emt 0:07:33]} Bg5 {[%emt 0:03:29]} 30. Nh4 {[%emt 0:02:43]} Bxh4 {[%emt 0:00:15]} 31. gxh4 {[%emt 0:00:03]} Qxh4 {[%emt 0:00:08]} 32. Qe3 {[%emt 0:02:42]} b6 {[%emt 0:01:14]} 33. Kg2 {[%emt 0:02:27]} Qh3+ {[%emt 0:00:53]} 34. Kg1 {[%emt 0:01:56]} Rxf1+ {[%emt 0:00:23]} 0-1

[Event "Mukachevo IM October 2019"]
[Site "Mukachevo"]
[Date "2019.10.02"]
[Round "3.2"]
[White "Tiba, Vladyslav"]
[Black "Boricsev, Oleg"]
[Result "1-0"]
[WhiteElo "2360"]
[BlackElo "2241"]
[Annotator "NA"]
[PlyCount "109"]
[EventDate "2019.10.01"]
[EventType "tourn"]
[EventCountry "UKR"]
[SourceTitle "playchess.com"]
[Source "ChessBase"]
[SourceQuality "1"]
[TimeControl "40/5400+30:900+30"]

1. e4 {[%emt 0:00:00]} c6 {[%emt 0:01:26]} 2. d4 {[%emt 0:00:00]} d5 {[%emt 0:00:51]} 3. Nc3 {[%emt 0:00:00]} dxe4 {[%emt 0:00:09]} 4. Nxe4 {[%emt 0:00:00]} Nf6 {[%emt 0:00:04]} 5. Nxf6+ {[%emt 0:00:54]} exf6 {[%emt 0:00:07]} 6. c3 {[%emt 0:00:16]} g6 {[%emt 0:01:32]} 7. Bd3 {[%emt 0:05:40]} Bg7 {[%emt 0:01:25]} 8. Ne2 {[%emt 0:01:29]} Nd7 {[%emt 0:02:04]} 9. Be3 {[%emt 0:01:41]} f5 {[%emt 0:03:39]} 10. O-O {[%emt 0:11:01]} O-O {[%emt 0:01:18]} 11. Nf4 {[%emt 0:07:42]} Nf6 {[%emt 0:04:27]} 12. Bc4 {[%emt 0:03:34]} b5 {[%emt 0:01:06]} 13. Bb3 {[%emt 0:01:10]} Bb7 {[%emt 0:02:11]} 14. Nd3 {[%emt 0:01:55]} Nd7 {[%emt 0:05:54]} 15. Re1 {[%emt 0:10:58]} Re8 {[%emt 0:04:27]} 16. Qf3 {[%emt 0:02:26]} Qc8 {[%emt 0:06:22]} 17. Bg5 {[%emt 0:03:31]} Rxe1+ {[%emt 0:06:32]} 18. Rxe1 {[%emt 0:00:24]} c5 {[%emt 0:00:34]} 19. Bd5 {[%emt 0:00:39]} Bxd5 {[%emt 0:04:12]} 20. Qxd5 {[%emt 0:00:05]} Nb6 {[%emt 0:01:59]} 21. Qxc5 {[%emt 0:00:56]} Qxc5 {[%emt 0:00:06]} 22. dxc5 {[%emt 0:05:06]} Nd5 {[%emt 0:03:37]} 23. Rd1 {[%emt 0:06:53]} h6 {[%emt 0:02:48]} 24. Bf4 {[%emt 0:00:43]} Nxf4 {[%emt 0:04:10]} 25. Nxf4 {[%emt 0:00:06]} Rc8 {[%emt 0:00:43]} 26. b4 {[%emt 0:01:56]} Kf8 {[%emt 0:03:57]} 27. Nd5 {[%emt 0:04:54]} g5 {[%emt 0:03:38]} 28. g3 {[%emt 0:00:37]} g4 {[%emt 0:00:26]} 29. Rd3 {[%emt 0:00:38]} Rd8 {[%emt 0:02:28]} 30. Rd1 {[%emt 0:03:46]} h5 {[%emt 0:03:36]} 31. Kf1 {[%emt 0:01:32]} Be5 {[%emt 0:01:47]} 32. Ke2 {[%emt 0:04:17]} f6 {[%emt 0:00:37]} 33. Rd3 {[%emt 0:01:54]} Re8 {[%emt 0:04:10]} 34. Kd2 {[%emt 0:00:40]} a5 {[%emt 0:00:38]} 35. Kc2 {[%emt 0:02:13]} Kf7 {[%emt 0:01:41]} 36. Nb6 {[%emt 0:05:33]} axb4 {[%emt 0:00:48]} 37. cxb4 {[%emt 0:00:05]} f4 {[%emt 0:01:55]} 38. Rd7+ {[%emt 0:05:39]} Kg6 {[%emt 0:01:40]} 39. Nd5 {[%emt 0:00:11]} f3 {[%emt 0:01:12]} 40. c6 {[%emt 0:00:00]} h4 {[%emt 0:00:00]} 41. c7 {[%emt 0:05:00]} Bxc7 {[%emt 0:11:08]} 42. Nxc7 {[%emt 0:00:44]} Re1 {[%emt 0:00:32]} 43. Rd1 {[%emt 0:03:13]} Re2+ {[%emt 0:00:05]} 44. Rd2 {[%emt 0:00:06]} Re1 {[%emt 0:00:05]} 45. Nxb5 {[%emt 0:04:14]} Rh1 {[%emt 0:00:23]} 46. gxh4 {[%emt 0:00:59]} Rxh2 {[%emt 0:00:13]} 47. Kd3 {[%emt 0:03:55]} Rxh4 {[%emt 0:02:41]} 48. Nd4 {[%emt 0:00:31]} f5 {[%emt 0:00:47]} 49. a4 {[%emt 0:00:46]} Rh1 {[%emt 0:00:38]} 50. a5 {[%emt 0:02:59]} Ra1 {[%emt 0:00:10]} 51. Rb2 {[%emt 0:01:27]} Kg5 {[%emt 0:01:55]} 52. b5 {[%emt 0:00:14]} Ra3+ {[%emt 0:01:33]} 53. Kd2 {[%emt 0:01:05]} f4 {[%emt 0:01:16]} 54. b6 {[%emt 0:00:41]} g3 {[%emt 0:00:35]} 55. b7 {[%emt 0:00:43]} 1-0

[Event "Mukachevo IM October 2019"]
[Site "Mukachevo"]
[Date "2019.10.02"]
[Round "3.3"]
[White "Oros, Robert"]
[Black "Sernecki, Franciszek"]
[Result "0-1"]
[WhiteElo "2284"]
[BlackElo "2276"]
[Annotator "NA"]
[PlyCount "84"]
[EventDate "2019.10.01"]
[EventType "tourn"]
[EventCountry "UKR"]
[SourceTitle "playchess.com"]
[Source "ChessBase"]
[SourceQuality "1"]
[TimeControl "40/5400+30:900+30"]

1. d4 {[%emt 0:04:03]} Nf6 {[%emt 0:00:00]} 2. Bg5 {[%emt 0:00:01]} e6 {[%emt 0:03:13]} 3. e3 {[%emt 0:05:40]} d6 {[%emt 0:07:58]} 4. Nf3 {[%emt 0:01:15]} h6 {[%emt 0:03:44]} 5. Bh4 {[%emt 0:01:16]} g5 {[%emt 0:08:20]} 6. Bg3 {[%emt 0:00:10]} Nh5 {[%emt 0:01:29]} 7. c3 {[%emt 0:02:22]} Bg7 {[%emt 0:04:31]} 8. Bd3 {[%emt 0:06:01]} Nd7 {[%emt 0:06:38]} 9. Nfd2 {[%emt 0:05:02]} Nxg3 {[%emt 0:03:25]} 10. hxg3 {[%emt 0:00:14]} b6 {[%emt 0:11:44]} 11. Be4 {[%emt 0:05:42]} d5 {[%emt 0:01:49]} 12. Bd3 {[%emt 0:01:43]} Bb7 {[%emt 0:02:50]} 13. a4 {[%emt 0:00:26]} a5 {[%emt 0:07:54]} 14. Na3 {[%emt 0:05:17]} Ba6 {[%emt 0:03:00]} 15. Bxa6 {[%emt 0:03:01]} Rxa6 {[%emt 0:00:01]} 16. Qf3 {[%emt 0:03:11]} Qf6 {[%emt 0:05:31]} 17. Qe2 {[%emt 0:00:33]} Ra8 {[%emt 0:00:37]} 18. Nb5 {[%emt 0:01:41]} Rc8 {[%emt 0:03:22]} 19. e4 {[%emt 0:00:49]} O-O {[%emt 0:03:15]} 20. e5 {[%emt 0:01:59]} Qg6 {[%emt 0:02:29]} 21. O-O {[%emt 0:00:57]} c5 {[%emt 0:04:29]} 22. f4 {[%emt 0:01:59]} cxd4 {[%emt 0:02:09]} 23. Nxd4 {[%emt 0:01:08]} Nc5 {[%emt 0:01:48]} 24. Rf3 {[%emt 0:02:25]} f6 {[%emt 0:03:26]} 25. Re1 {[%emt 0:11:55]} fxe5 {[%emt 0:01:13]} 26. fxe5 {[%emt 0:00:13]} Rxf3 {[%emt 0:01:34]} 27. N2xf3 {[%emt 0:00:41]} Qd3 {[%emt 0:01:19]} 28. g4 {[%emt 0:09:44]} Qxe2 {[%emt 0:02:36]} 29. Rxe2 {[%emt 0:00:07]} Kf7 {[%emt 0:00:52]} 30. b3 {[%emt 0:01:47]} Ke7 {[%emt 0:02:23]} 31. b4 {[%emt 0:05:42]} Nxa4 {[%emt 0:00:54]} 32. bxa5 {[%emt 0:00:15]} bxa5 {[%emt 0:00:47]} 33. Ra2 {[%emt 0:00:14]} Rc4 {[%emt 0:00:34]} 34. Ra3 {[%emt 0:01:22]} Nxc3 {[%emt 0:00:33]} 35. Rxa5 {[%emt 0:00:07]} Rc7 {[%emt 0:00:29]} 36. Ra6 {[%emt 0:00:11]} Rb7 {[%emt 0:00:31]} 37. Nxe6 {[%emt 0:00:52]} Bh8 {[%emt 0:00:30]} 38. Ned4 {[%emt 0:00:34]} Ne4 {[%emt 0:00:30]} 39. Nf5+ {[%emt 0:07:30]} Kd7 {[%emt 0:00:17]} 40. Ra8 {[%emt 0:00:00]} Rb1+ {[%emt 0:00:00]} 41. Kh2 {[%emt 0:00:36]} Nf2 {[%emt 0:01:50]} 42. Rxh8 {[%emt 0:03:36]} Rh1+ {[%emt 0:00:21]} 0-1

[Event "Mukachevo IM October 2019"]
[Site "Mukachevo"]
[Date "2019.10.02"]
[Round "3.4"]
[White "Kersten, Uwe"]
[Black "Petrovskiy, Vadim"]
[Result "1-0"]
[WhiteElo "2239"]
[BlackElo "2197"]
[Annotator "NA"]
[PlyCount "47"]
[EventDate "2019.10.01"]
[EventType "tourn"]
[EventCountry "UKR"]
[SourceTitle "playchess.com"]
[Source "ChessBase"]
[SourceQuality "1"]
[TimeControl "40/5400+30:900+30"]

1. d4 {[%emt 0:00:00]} Nf6 {[%emt 0:00:00]} 2. Bf4 {[%emt 0:00:04]} g6 {[%emt 0:00:00]} 3. Nc3 {[%emt 0:00:27]} d5 {[%emt 0:00:29]} 4. e3 {[%emt 0:00:11]} Bg7 {[%emt 0:00:14]} 5. h4 {[%emt 0:00:30]} Bf5 {[%emt 0:06:46]} 6. Bd3 {[%emt 0:05:05]} Bxd3 {[%emt 0:00:41]} 7. Qxd3 {[%emt 0:01:17]} c6 {[%emt 0:00:46]} 8. O-O-O {[%emt 0:07:57]} Nbd7 {[%emt 0:05:31]} 9. Nf3 {[%emt 0:00:38]} Ng4 {[%emt 0:01:05]} 10. Qe2 {[%emt 0:01:51]} O-O {[%emt 0:06:39]} 11. e4 {[%emt 0:18:29]} dxe4 {[%emt 0:02:41]} 12. Nxe4 {[%emt 0:06:26]} Qa5 {[%emt 0:00:36]} 13. Kb1 {[%emt 0:00:30]} e5 {[%emt 0:01:28]} 14. dxe5 {[%emt 0:06:41]} Ngxe5 {[%emt 0:01:21]} 15. Nd6 {[%emt 0:02:49]} Nxf3 {[%emt 0:03:40]} 16. Qxf3 {[%emt 0:02:18]} Nc5 {[%emt 0:00:20]} 17. Bg5 {[%emt 0:04:49]} Na4 {[%emt 0:25:03]} 18. Bf6 {[%emt 0:01:50]} Qb6 {[%emt 0:01:00]} 19. b3 {[%emt 0:05:58]} Bxf6 {[%emt 0:02:20]} 20. Qxf6 {[%emt 0:00:27]} Qb4 {[%emt 0:00:29]} 21. Rd3 {[%emt 0:10:54]} Rae8 {[%emt 0:13:31]} 22. Nxe8 {[%emt 0:04:13]} Rxe8 {[%emt 0:00:02]} 23. Rhd1 {[%emt 0:01:37]} h5 {[%emt 0:02:07]} 24. Rd8 {[%emt 0:03:58]} 1-0